[Event "IECC CL5-2007.14 email"]
[Site "IECC email"]
[Date "2007.09.25"]
[Round "?"]
[White "Allen, Ralph C"]
[Black "Mauro, Danilo"]
[Result "1/2-1/2"]
[WhiteElo "1519"]
[BlackElo "1601"]
[PlyCount "74"]
[EventDate "2007.??.??"]
[EventType "tourn (corr)"]
[EventRounds "4"]
[SourceTitle "Corr 2011"]
[Source "ChessBase"]
[SourceDate "2010.08.31"]
[SourceVersion "1"]
[SourceVersionDate "2010.08.31"]
[SourceQuality "1"]
[WhiteTeam "Italy"]
[BlackTeam "Chile"]
[WhiteTeamCountry "ITA"]
[BlackTeamCountry "CHI"]

1. e4 e6 2. d3 d5 3. Nd2 Nf6 4. Ngf3 b6 5. e5 Nfd7 6. d4 c5 7. c3 Be7 8. Bd3 Ba6 9. Bxa6 Nxa6 10. h4 b5 11. Qe2 Qb6 12. Nf1 b4 13. Ne3 Nc7 14. Bd2 bxc3 15. bxc3 Rb8 16. 0-0 a6 17. Rfb1 Qa7 18. dxc5 Bxc5 19. Rxb8+ Qxb8 20. Qd1 0-0 21. Rb1 Qa7 22. Qa4 Nb5 23. Ng4 Na3 24. Re1 h5 25. Ne3 Nc4 26. Qc2 Nxd2 27. Qxd2 Rb8 28. Qc2 Qb6 29. Rb1 Qc7 30. Ng5 Bxe3 31. Qh7+ Kf8 32. Rxb8+ Qxb8 33. fxe3 Qxe5 34. Qxh5 g6 35. Nh7+ Ke7 36. Qxe5 Nxe5 37. Ng5 f5 1/2-1/2

[Event "P-4350"]
[Site "IECC email"]
[Date "2007.08.01"]
[Round "?"]
[White "Allen, Ralph C"]
[Black "Barrer, Michel"]
[Result "0-1"]
[WhiteElo "1522"]
[BlackElo "1487"]
[PlyCount "76"]
[EventDate "2007.??.??"]
[EventType "tourn (corr)"]
[SourceTitle "Corr 2020"]
[Source "ChessBase"]
[SourceDate "2019.09.30"]
[SourceVersion "1"]
[SourceVersionDate "2019.09.30"]
[SourceQuality "1"]
[WhiteTeam "United States"]
[BlackTeam "France"]
[WhiteTeamCountry "USA"]
[BlackTeamCountry "FRA"]

1. e4 e5 2. Nf3 Nc6 3. Bb5 a6 4. Ba4 Nf6 5. 0-0 Bc5 6. Nxe5 0-0 7. Bxc6 dxc6 8. d3 Qe7 9. Nf3 Bg4 10. Bg5 h6 11. Be3 Rfe8 12. Bxc5 Qxc5 13. Nbd2 Rad8 14. h3 Bh5 15. Re1 Bxf3 16. Nxf3 Nxe4 17. Qe2 Nf6 18. Qd2 Qb6 19. Qc3 Nd5 20. Qb3 Qxb3 21. cxb3 Nb4 22. Rxe8+ Rxe8 23. a3 Nxd3 24. Rd1 Nf4 25. Rd7 Nd5 26. Kf1 Kf8 27. b4 g5 28. Nd4 Rc8 29. Nf3 Ke8 30. Ne5 f6 31. Rxd5 cxd5 32. Ng4 Kf7 33. Nxh6+ Kg6 34. Ng4 Re8 35. Ne3 d4 36. Nd1 b5 37. b3 d3 38. Ne3 f5 0-1

[Event "IECC CL5-2007.06 email"]
[Site "IECC email"]
[Date "2007.04.16"]
[Round "?"]
[White "Allen, Ralph C"]
[Black "Von Rosenberg, Clemens"]
[Result "0-1"]
[WhiteElo "1506"]
[BlackElo "1724"]
[PlyCount "80"]
[EventDate "2007.??.??"]
[EventType "tourn (corr)"]
[EventRounds "4"]
[SourceTitle "Corr 2011"]
[Source "ChessBase"]
[SourceDate "2010.08.31"]
[SourceVersion "1"]
[SourceVersionDate "2010.08.31"]
[SourceQuality "1"]
[WhiteTeam "Italy"]
[BlackTeam "Chile"]
[WhiteTeamCountry "ITA"]
[BlackTeamCountry "CHI"]

1. e4 Nf6 2. d3 e5 3. Nf3 Nc6 4. g3 d5 5. Nbd2 Be7 6. Bg2 dxe4 7. dxe4 0-0 8. 0-0 Bg4 9. h3 Be6 10. Qe2 Qd7 11. Ng5 Nd4 12. Qd3 Rad8 13. Nxe6 Qxe6 14. Nb3 Qc6 15. Nxd4 Rxd4 16. Qe2 Rfd8 17. Be3 R4d7 18. Rad1 a6 19. f4 Rxd1 20. Rxd1 Rxd1+ 21. Qxd1 Qe6 22. fxe5 Qxe5 23. Bf4 Qxb2 24. e5 Ne8 25. Qd7 Kf8 26. Be4 g5 27. Be3 Qxe5 28. Qd4 Qxg3+ 29. Bg2 Qe1+ 30. Bf1 Bf6 31. Qd3 Qg3+ 32. Bg2 Kg7 33. Bf2 Qxd3 34. cxd3 c6 35. Bg3 Bd4+ 36. Kf1 f5 37. Be1 g4 38. hxg4 fxg4 39. Be4 Nd6 40. Bd2 Nxe4 0-1

[Event "P-4226"]
[Site "IECC email"]
[Date "2006.09.19"]
[Round "?"]
[White "Allen, Ralph C"]
[Black "Crandall, David"]
[Result "1-0"]
[WhiteElo "1460"]
[BlackElo "1469"]
[PlyCount "65"]
[EventDate "2006.??.??"]
[EventType "tourn (corr)"]
[SourceTitle "Corr 2020"]
[Source "ChessBase"]
[SourceDate "2019.09.30"]
[SourceVersion "1"]
[SourceVersionDate "2019.09.30"]
[SourceQuality "1"]
[WhiteTeam "United States"]
[BlackTeam "United States"]
[WhiteTeamCountry "USA"]
[BlackTeamCountry "USA"]

1. d4 d5 2. Nf3 c6 3. e3 e6 4. Bd3 f5 5. c4 Bd6 6. Nc3 Nf6 7. 0-0 0-0 8. Nd2 Bxh2+ 9. Kxh2 Ng4+ 10. Kg3 Qd6+ 11. Kf3 Nh2+ 12. Ke2 Nxf1 13. Qxf1 Nd7 14. Nf3 Nf6 15. Ne5 a6 16. c5 Qc7 17. b4 b6 18. cxb6 Qxb6 19. Ba3 Re8 20. Na4 Qc7 21. Rc1 Bb7 22. Nc5 Bc8 23. Qd1 a5 24. Qa4 Bb7 25. b5 cxb5 26. Qxb5 Rab8 27. Nxe6 Qxc1 28. Bxc1 Rxe6 29. Nd7 Nxd7 30. Qxd7 Rf6 31. Qc7 Rc8 32. Qxb7 Rxc1 33. Qxd5+ 1-0

[Event "IECC Swiss-481.2"]
[Site "IECC email"]
[Date "2004.09.14"]
[Round "?"]
[White "Quadri, Sergio"]
[Black "Allen, Ralph C"]
[Result "1-0"]
[WhiteElo "2084"]
[BlackElo "1512"]
[PlyCount "63"]
[EventDate "2004.??.??"]
[EventType "swiss (corr)"]
[EventRounds "1"]
[SourceTitle "Corr 2020"]
[Source "ChessBase"]
[SourceDate "2019.09.30"]
[SourceVersion "1"]
[SourceVersionDate "2019.09.30"]
[SourceQuality "1"]
[WhiteTeam "Argentina"]
[BlackTeam "United States"]
[WhiteTeamCountry "ARG"]
[BlackTeamCountry "USA"]

1. e4 e5 2. Nf3 Nf6 3. Nxe5 d6 4. Nf3 Nxe4 5. d4 d5 6. Bd3 Be7 7. 0-0 Nc6 8. c4 Nf6 9. Nc3 Be6 10. cxd5 Nxd5 11. Re1 0-0 12. a3 Bf6 13. Be4 h6 14. Bc2 Nde7 15. Be3 Nf5 16. Ne2 Qd7 17. Qd3 g6 18. Rad1 Rad8 19. Nf4 Nxe3 20. fxe3 Bf5 21. Qb3 Bxc2 22. Qxc2 Rfe8 23. Rc1 Re7 24. Qb3 Kg7 25. Qxb7 Bxd4 26. exd4 Nxd4 27. Qxa7 Nxf3+ 28. gxf3 Qd2 29. Ng2 Rxe1+ 30. Rxe1 Qxb2 31. Qxc7 Rd2 32. Qe5+ 1-0

[Event "P-3604"]
[Site "IECC email"]
[Date "2004.01.25"]
[Round "?"]
[White "Allen, Ralph C"]
[Black "Coulding, Brad"]
[Result "1/2-1/2"]
[WhiteElo "1514"]
[BlackElo "1513"]
[PlyCount "47"]
[EventDate "2004.??.??"]
[EventType "tourn (corr)"]
[SourceTitle "Corr 2020"]
[Source "ChessBase"]
[SourceDate "2019.09.30"]
[SourceVersion "1"]
[SourceVersionDate "2019.09.30"]
[SourceQuality "1"]
[WhiteTeam "United States"]
[BlackTeam "Australia"]
[WhiteTeamCountry "USA"]
[BlackTeamCountry "AUS"]

1. d4 g6 2. Nf3 Bg7 3. c4 c5 4. d5 Nf6 5. Nc3 Qa5 6. Bd2 0-0 7. e4 d6 8. Be2 Bd7 9. 0-0 Qc7 10. Rb1 Re8 11. Bg5 h6 12. Bxf6 Bxf6 13. Nd2 a6 14. Bg4 b5 15. Bxd7 Nxd7 16. f4 Bxc3 17. bxc3 b4 18. f5 bxc3 19. fxg6 fxg6 20. Qf3 cxd2 21. Qf7+ Kh8 22. Qxg6 Rf8 23. Qxh6+ Kg8 24. Qg6+ 1/2-1/2

[Event "IECC CL5-2003.16 email"]
[Site "IECC email"]
[Date "2003.07.28"]
[Round "?"]
[White "McNally, David"]
[Black "Allen, Ralph C"]
[Result "1-0"]
[WhiteElo "1409"]
[BlackElo "1493"]
[PlyCount "45"]
[EventDate "2003.??.??"]
[EventType "tourn (corr)"]
[EventRounds "4"]
[SourceTitle "Corr 2008"]
[Source "ChessBase"]
[SourceDate "2008.06.24"]
[SourceVersion "1"]
[SourceVersionDate "2008.06.24"]
[SourceQuality "1"]

1. e4 e5 2. Nf3 Nf6 3. d4 Nxe4 4. Bd3 d5 5. Nxe5 Nd7 6. Nxd7 Bxd7 7. 0-0 Qh4 8. c4 0-0-0 9. c5 g5 10. f3 Nf6 11. Be3 g4 12. Nc3 gxf3 13. Qxf3 Ng4 14. Bf4 Bg7 15. Ne2 Bh6 16. h3 Rdg8 17. hxg4 Rxg4 18. Bxh6 Rhg8 19. Rf2 Qxh6 20. Bf5 Bxf5 21. Qxf5+ Kb8 22. Qxf7 Qe3 23. Kf1 1-0

[Event "IECC Swiss email"]
[Site "IECC email"]
[Date "2003.03.30"]
[Round "?"]
[White "Allen, Ralph C"]
[Black "Kowalski, Boleslaw"]
[Result "1/2-1/2"]
[WhiteElo "1532"]
[BlackElo "1744"]
[PlyCount "35"]
[EventDate "2003.??.??"]
[EventType "tourn (corr)"]
[EventRounds "6"]
[SourceTitle "Corr 2008"]
[Source "ChessBase"]
[SourceDate "2008.06.24"]
[SourceVersion "1"]
[SourceVersionDate "2008.06.24"]
[SourceQuality "1"]

1. d4 d5 2. Nf3 e6 3. e3 Nf6 4. Bd3 c5 5. c3 Nc6 6. Nbd2 Bd6 7. 0-0 0-0 8. dxc5 Bxc5 9. e4 Qc7 10. Qe2 Bb6 11. e5 Ng4 12. Bxh7+ Kxh7 13. Ng5+ Kg8 14. Qxg4 Qxe5 15. Ndf3 Qf6 16. Qh5 Qh6 17. Qxh6 gxh6 18. Nh3 1/2-1/2

[Event "IECC CL5-2002.13"]
[Site "IECC email"]
[Date "2002.06.29"]
[Round "?"]
[White "Allen, Ralph C"]
[Black "Myatt, John R"]
[Result "0-1"]
[WhiteElo "1555"]
[BlackElo "1456"]
[PlyCount "116"]
[EventDate "2002.??.??"]
[EventType "tourn (corr)"]
[EventRounds "4"]
[SourceTitle "Corr 2008"]
[Source "ChessBase"]
[SourceDate "2008.06.24"]
[SourceVersion "1"]
[SourceVersionDate "2008.06.24"]
[SourceQuality "1"]

1. Nf3 Nf6 2. d4 d5 3. e3 e6 4. Bd3 c5 5. c3 Nc6 6. Nbd2 Qc7 7. 0-0 e5 8. dxe5 Nxe5 9. Nxe5 Qxe5 10. e4 dxe4 11. Nxe4 Bd7 12. Re1 Be7 13. Bg5 0-0-0 14. Qf3 Bc6 15. Nxf6 Bxf3 16. Rxe5 Rxd3 17. Rxe7 gxf6 18. Bxf6 Rg8 19. g3 Bd5 20. Be5 c4 21. Bf4 Kd8 22. Rae1 Rg6 23. Re8+ Kd7 24. R1e7+ Kc6 25. Kf1 Re6 26. Rxe6+ fxe6 27. f3 Rd1+ 28. Ke2 Rb1 29. h4 Rxb2+ 30. Ke3 Rxa2 31. Rh8 Rc2 32. Be5 Rc1 33. Rxh7 a5 34. Rh8 b5 35. h5 Rh1 36. Kf2 b4 37. Kg2 Re1 38. Bd4 Re2+ 39. Kh3 Bxf3 40. h6 Re1 41. g4 b3 42. h7 Rh1+ 43. Kg3 Be4 44. Rc8+ Kb7 45. h8Q Rxh8 46. Rxh8 b2 47. Be5 b1Q 48. Rb8+ Kc6 49. Rxb1 Bxb1 50. Bg7 Kb5 51. Kf2 Ka4 52. Ke3 Kb3 53. Kd4 a4 54. Bf8 Bd3 55. g5 e5+ 56. Kxe5 Kxc3 57. Kd5 Kb3 58. Kd4 Bg6 0-1

[Event "IECC CL5-2002.13"]
[Site "IECC email"]
[Date "2002.06.29"]
[Round "?"]
[White "Kowalski, Boleslaw"]
[Black "Allen, Ralph C"]
[Result "1-0"]
[WhiteElo "1612"]
[BlackElo "1607"]
[PlyCount "47"]
[EventDate "2002.??.??"]
[EventType "tourn (corr)"]
[EventRounds "4"]
[SourceTitle "Corr 2008"]
[Source "ChessBase"]
[SourceDate "2008.06.24"]
[SourceVersion "1"]
[SourceVersionDate "2008.06.24"]
[SourceQuality "1"]

1. e4 c5 2. d4 cxd4 3. c3 dxc3 4. Nxc3 Nc6 5. Nf3 d6 6. Bc4 e6 7. 0-0 Be7 8. Qc2 a6 9. Rd1 Bd7 10. Bf4 e5 11. Be3 b5 12. Be2 Rc8 13. a4 Na5 14. axb5 axb5 15. Nxe5 dxe5 16. Rxd7 Qxd7 17. Rxa5 Qc7 18. Ra7 Qb8 19. Qb3 b4 20. Qa4+ Kf8 21. Nd5 Qd6 22. Nb6 Rd8 23. Rd7 Qe6 24. Rxd8+ 1-0

[Event "IECC CL5-2002.13"]
[Site "IECC email"]
[Date "2002.06.29"]
[Round "?"]
[White "Ondo, Bob"]
[Black "Allen, Ralph C"]
[Result "1-0"]
[WhiteElo "1599"]
[BlackElo "1577"]
[PlyCount "73"]
[EventDate "2002.??.??"]
[EventType "tourn (corr)"]
[EventRounds "4"]
[SourceTitle "Corr 2008"]
[Source "ChessBase"]
[SourceDate "2008.06.24"]
[SourceVersion "1"]
[SourceVersionDate "2008.06.24"]
[SourceQuality "1"]

1. e4 e5 2. Nf3 Nf6 3. Nxe5 d6 4. Nf3 Nxe4 5. d4 d5 6. Bd3 Be7 7. 0-0 Nc6 8. Re1 Bg4 9. c3 f5 10. Qb3 0-0 11. Qxb7 Bxf3 12. Qxc6 Rf6 13. Qa4 Bxg2 14. Kxg2 Rg6+ 15. Kf1 Nxf2 16. Bxf5 Rf6 17. Kxf2 Rxf5+ 18. Ke2 Bh4 19. Rg1 Qe7+ 20. Kd1 Raf8 21. Qa6 Rf3 22. Nd2 Re3 23. Rf1 Re1+ 24. Rxe1 Qxe1+ 25. Kc2 Bg5 26. Rb1 Rf2 27. Qc8+ Kf7 28. Qxc7+ Kf8 29. Qb8+ Kf7 30. Qxa7+ Kf6 31. Qa6+ Ke7 32. Qd3 Rxh2 33. a4 Rh1 34. Nf3 Qf2+ 35. Bd2 Rh3 36. Re1+ Kd6 37. Qa6+ 1-0

[Event "IECC CL4-2002.10"]
[Site "IECC email"]
[Date "2002.03.23"]
[Round "?"]
[White "Cattermole, John"]
[Black "Allen, Ralph C"]
[Result "0-1"]
[WhiteElo "1668"]
[BlackElo "1576"]
[PlyCount "86"]
[EventDate "2002.??.??"]
[EventType "tourn (corr)"]
[EventRounds "4"]
[SourceTitle "Corr 2008"]
[Source "ChessBase"]
[SourceDate "2008.06.24"]
[SourceVersion "1"]
[SourceVersionDate "2008.06.24"]
[SourceQuality "1"]

1. e4 e5 2. Nf3 Nf6 3. Nxe5 d6 4. Nf3 Nxe4 5. d4 d5 6. Bd3 Be7 7. 0-0 Nc6 8. Bf4 Bg4 9. c3 0-0 10. Be2 Re8 11. h3 Bh5 12. Nbd2 Bd6 13. Bxd6 cxd6 14. Re1 a6 15. Nxe4 dxe4 16. Nh2 Bxe2 17. Rxe2 d5 18. Re3 Na5 19. Qh5 Nc4 20. Rg3 b5 21. b3 Nb6 22. Ng4 g6 23. Ne5 Qe7 24. Re1 Nd7 25. Nxd7 Qxd7 26. Ree3 Qd6 27. Qh6 Re7 28. Rg4 Rae8 29. Qf4 Qxf4 30. Rxf4 Kg7 31. h4 Rc7 32. b4 Rec8 33. f3 f5 34. fxe4 fxe4 35. Rg4 Rxc3 36. Rxc3 Rxc3 37. Rg5 e3 38. Re5 Rc1+ 39. Kh2 Rd1 40. Rxe3 Rxd4 41. Kh3 h5 42. a3 Rd1 43. Re7+ Kf6 0-1

[Event "IECC KO email"]
[Site "IECC email"]
[Date "2001.11.26"]
[Round "?"]
[White "Bass, Stanley"]
[Black "Allen, Ralph C"]
[Result "1-0"]
[WhiteElo "1784"]
[BlackElo "1629"]
[PlyCount "99"]
[EventDate "2001.??.??"]
[EventType "tourn (corr)"]
[EventRounds "6"]
[SourceTitle "Corr 2008"]
[Source "ChessBase"]
[SourceDate "2008.06.24"]
[SourceVersion "1"]
[SourceVersionDate "2008.06.24"]
[SourceQuality "1"]

1. d4 d5 2. c4 c6 3. Nc3 Nf6 4. cxd5 cxd5 5. Bf4 Nc6 6. e3 a6 7. Nf3 Bg4 8. Be2 e6 9. 0-0 Be7 10. Rc1 0-0 11. h3 Bh5 12. Ne5 Bxe2 13. Nxe2 Nxe5 14. Bxe5 Rc8 15. Rxc8 Qxc8 16. Qd3 Qc4 17. Qxc4 dxc4 18. Rc1 b5 19. a4 Nd7 20. Bg3 Rc8 21. axb5 axb5 22. Ra1 Nb6 23. Ra7 Bd8 24. Bd6 Na4 25. Ba3 Rb8 26. Nc3 b4 27. Rxa4 bxa3 28. bxa3 Be7 29. Rxc4 Bxa3 30. g4 g6 31. Ra4 Bb4 32. Na2 Be7 33. Kg2 Rb2 34. Nc1 Rc2 35. Nd3 Bh4 36. Ra8+ Kg7 37. Kf3 Rd2 38. Ra3 f5 39. Kg2 Kf6 40. gxf5 gxf5 41. Kf1 Rd1+ 42. Ke2 Rh1 43. Ra7 h6 44. Ra6 Kf7 45. Ne5+ Kf6 46. Nf3 Rxh3 47. d5 Bg5 48. Rxe6+ Kf7 49. Ne5+ Kf8 50. d6 1-0

[Event "IECC KO email"]
[Site "IECC email"]
[Date "2001.05.24"]
[Round "?"]
[White "Allen, Ralph C"]
[Black "Suc, Timothy"]
[Result "1-0"]
[WhiteElo "1643"]
[BlackElo "1805"]
[PlyCount "39"]
[EventDate "2001.??.??"]
[EventType "tourn (corr)"]
[EventRounds "6"]
[SourceTitle "Corr 2008"]
[Source "ChessBase"]
[SourceDate "2008.06.24"]
[SourceVersion "1"]
[SourceVersionDate "2008.06.24"]
[SourceQuality "1"]

1. d4 Nf6 2. Nc3 d5 3. e4 dxe4 4. f3 exf3 5. Nxf3 Bg4 6. h3 Bxf3 7. Qxf3 c6 8. Qf2 e6 9. Bd3 Be7 10. 0-0 0-0 11. Qh4 c5 12. d5 c4 13. Qxc4 Nxd5 14. Qe4 g6 15. Bh6 Qb6+ 16. Kh1 Rd8 17. Qf3 Nf6 18. Ne4 Nbd7 19. Bg5 Nxe4 20. Bxe7 1-0

[Event "IECC CL4-2001.14"]
[Site "IECC email"]
[Date "2001.05.07"]
[Round "?"]
[White "Petters, Paul"]
[Black "Allen, Ralph C"]
[Result "1-0"]
[WhiteElo "1756"]
[BlackElo "1692"]
[PlyCount "37"]
[EventDate "2001.??.??"]
[EventType "tourn (corr)"]
[EventRounds "4"]
[SourceTitle "Corr 2008"]
[Source "ChessBase"]
[SourceDate "2008.06.24"]
[SourceVersion "1"]
[SourceVersionDate "2008.06.24"]
[SourceQuality "1"]

1. e4 c5 2. Nf3 d6 3. d4 cxd4 4. Nxd4 Nf6 5. Nc3 g6 6. Be3 Bg7 7. f3 Nc6 8. Bc4 0-0 9. Qd2 Bd7 10. 0-0-0 Rc8 11. Nxc6 Bxc6 12. Bb3 a5 13. a4 Qd7 14. Bh6 Bxh6 15. Qxh6 b5 16. axb5 Bxb5 17. e5 Ne8 18. Ne4 g5 19. g4 1-0

[Event "IECC Swiss email"]
[Site "IECC email"]
[Date "1999.10.30"]
[Round "?"]
[White "Allen, Ralph C"]
[Black "Cornacchini, Gabriele"]
[Result "1/2-1/2"]
[WhiteElo "1612"]
[BlackElo "1586"]
[PlyCount "68"]
[EventDate "1999.??.??"]
[EventType "tourn (corr)"]
[EventRounds "6"]
[SourceTitle "Corr 2008"]
[Source "ChessBase"]
[SourceDate "2008.06.24"]
[SourceVersion "1"]
[SourceVersionDate "2008.06.24"]
[SourceQuality "1"]

1. d4 Nf6 2. Nf3 e6 3. e3 b6 4. Nbd2 Bb7 5. Bd3 c5 6. c3 Nc6 7. a3 Be7 8. 0-0 d5 9. Qe2 c4 10. Bc2 0-0 11. e4 Rc8 12. e5 Nd7 13. h4 Bxh4 14. Nxh4 Qxh4 15. f4 f5 16. exf6 Rxf6 17. Rf3 Qh5 18. Qf2 Rcf8 19. Rh3 Qg4 20. Bxh7+ Kf7 21. Nf3 Rh6 22. Rxh6 gxh6 23. Bd2 Nf6 24. Ne5+ Nxe5 25. fxe5 Kg7 26. exf6+ Rxf6 27. Qe3 Kxh7 28. Rf1 Qg6 29. Rf3 Rxf3 30. Qxf3 h5 31. Qf4 Ba6 32. Qc7+ Qg7 33. Qd8 Bb5 34. Bf4 Ba4 1/2-1/2

[Event "IECC Swiss email"]
[Site "IECC email"]
[Date "1999.07.07"]
[Round "?"]
[White "Gustafsson, Lars"]
[Black "Allen, Ralph C"]
[Result "1/2-1/2"]
[WhiteElo "1749"]
[BlackElo "1679"]
[PlyCount "61"]
[EventDate "1999.??.??"]
[EventType "tourn (corr)"]
[EventRounds "6"]
[SourceTitle "Corr 2008"]
[Source "ChessBase"]
[SourceDate "2008.06.24"]
[SourceVersion "1"]
[SourceVersionDate "2008.06.24"]
[SourceQuality "1"]

1. d4 d5 2. c4 c6 3. Nc3 e5 4. dxe5 d4 5. Ne4 Qa5+ 6. Bd2 Qxe5 7. Ng3 Qd6 8. Nf3 Nf6 9. Qc2 Be7 10. e3 dxe3 11. Bxe3 0-0 12. Bd3 Rd8 13. Rd1 Qc7 14. 0-0 Bg4 15. Be2 Nbd7 16. h3 Bxf3 17. Bxf3 Bc5 18. Bxc5 Nxc5 19. b4 Ne6 20. Ne4 Nxe4 21. Bxe4 g6 22. a3 c5 23. Rfe1 Rac8 24. Rxd8+ Rxd8 25. Bd5 Re8 26. Qe4 cxb4 27. axb4 a5 28. bxa5 Qxa5 29. Qb1 b6 30. Re2 Nc7 31. Rxe8+ 1/2-1/2